The Position of Slovakia in European Area in Terms of Mortality from Selected Cancer Diseases
Určenie úlohy nádorových ochorení na proces úmrtnosti na Slovensku v kontexte jeho postavenia v európskom priestore. Prostredníctvom priamo štandardizovaných hrubých mier úmrtnosti sa následne identifikovali diferencie v intenzite úmrtnosti na sledované tri skupiny odvrátiteľných onkologických ochor...
Uložené v:
| Hlavný autor: | |
|---|---|
| Ďalší autori: | , , , |
| Médium: | Kapitola |
| Jazyk: | Slovak |
| Predmet: | |
| Tagy: |
Žiadne tagy, Buďte prvý, kto otaguje tento záznam!
|
MARC
| LEADER | 00000naa a2200000 4500 | ||
|---|---|---|---|
| 001 | 0280337 | ||
| 005 | 20211215143329.9 | ||
| 041 | 0 | |a slo | |
| 044 | |a SK | ||
| 245 | 1 | 0 | |a The Position of Slovakia in European Area in Terms of Mortality from Selected Cancer Diseases |c Zuzana Polačková, Richard Filčák, Tomáš Jeck, Dušana Dokupilová, Branislav Šprocha |
| 520 | |a Určenie úlohy nádorových ochorení na proces úmrtnosti na Slovensku v kontexte jeho postavenia v európskom priestore. Prostredníctvom priamo štandardizovaných hrubých mier úmrtnosti sa následne identifikovali diferencie v intenzite úmrtnosti na sledované tri skupiny odvrátiteľných onkologických ochorení. | ||
| 610 | 2 | 0 | |a úmrtnosť |
| 610 | 2 | 0 | |a choroby civilizačné |
| 610 | 2 | 0 | |a analýza štatistická |
| 610 | 2 | 0 | |a populácia |
| 610 | 2 | 0 | |a demografia |
| 610 | 2 | 0 | |a porovnanie štatistické medzinárodné |
| 100 | 1 | |a Polačková, Zuzana | |
| 700 | 1 | |a Filčák, Richard | |
| 700 | 1 | |a Jeck, Tomáš | |
| 700 | 1 | |a Dokupilová, Dušana | |
| 700 | 1 | |a Šprocha, Branislav | |